The life to come, and other short stories / (Record no. 17675)

MARC details
000 -LEADER
fixed length control field 01230cam a2200241 4500
001 - CONTROL NUMBER
control field 2660300
005 - DATE AND TIME OF LATEST TRANSACTION
control field 20131023152825.0
008 - FIXED-LENGTH DATA ELEMENTS--GENERAL INFORMATION
fixed length control field 721201r19871972nyu r 000 1 eng
010 ## - LIBRARY OF CONGRESS CONTROL NUMBER
LC control number 72013127
020 ## - INTERNATIONAL STANDARD BOOK NUMBER
International Standard Book Number 0393304426
020 ## - INTERNATIONAL STANDARD BOOK NUMBER
International Standard Book Number 9780393304428
040 ## - CATALOGING SOURCE
Original cataloging agency DLC
Transcribing agency DLC
Modifying agency DLC
050 00 - LIBRARY OF CONGRESS CALL NUMBER
Classification number PZ3.F7735
Item number Li4
Classification number PR6011.O58
082 00 - DEWEY DECIMAL CLASSIFICATION NUMBER
Classification number 823.912
Edition number 22
Item number FOR
100 1# - MAIN ENTRY--PERSONAL NAME
Personal name Forster, E. M.
Fuller form of name (Edward Morgan),
Dates associated with a name 1879-1970.
9 (RLIN) 33591
245 14 - TITLE STATEMENT
Title The life to come, and other short stories /
Statement of responsibility, etc E. M. Forster
260 ## - PUBLICATION, DISTRIBUTION, ETC. (IMPRINT)
Place of publication, distribution, etc New York:
Name of publisher, distributor, etc W. W. Norton,
Date of publication, distribution, etc 1987
300 ## - PHYSICAL DESCRIPTION
Extent xxi, 240 p.
Dimensions 22 cm.
505 ## - FORMATTED CONTENTS NOTE
Formatted contents note Ansell --<br/>Albergo Empedocle --<br/>The purple envelope --<br/>The helping hand --<br/>The rock --<br/>The life to come --<br/>Dr. Woolacott --<br/>Arthur Snatchfold --<br/>The obelisk --<br/>What does it matter? : a morality --<br/>The classical annex --<br/>The torque --<br/>The other boat. Three courses and a dessert : being a new and gastronomic version of the old game of consequences. First course / Christopher Dilke --<br/>The second course / E.M. Forster --<br/>The third course / A.E. Coppard --<br/>The dessert / James Laver.
651 #0 - SUBJECT ADDED ENTRY--GEOGRAPHIC NAME
Geographic name Great Britain
General subdivision Social life and customs
Chronological subdivision 20th century
General subdivision Fiction.
9 (RLIN) 34203
653 ## - INDEX TERM--UNCONTROLLED
Resource For college
Arrived date list October2013
942 ## - ADDED ENTRY ELEMENTS (KOHA)
Source of classification or shelving scheme Dewey Decimal Classification
Item type Book - Borrowing
Holdings
Withdrawn status Item status Source of classification or shelving scheme Damaged status Not for loan Vendor Home library Current library Shelving location Date acquired Source of acquisition Cost, normal purchase price Serial Enumeration / chronology Total Checkouts Full call number Barcode Checked out Date last seen Date last borrowed Koha item type
    Dewey Decimal Classification     Baccah Central Library Central Library Second Floor 23/10/2013   196.00 18162 1 823.912 FOR 000029255 16/11/2017 17/10/2017 17/10/2017 Book - Borrowing